000
00315pab a2200133 454500
008
180718b1990 xxu||||| |||| 00| 0 eng d
245
_a
Special issue on making right to work fundamental
260
_c
1990
300
_a
5-83
362
_a
Mar.
650
_a
Civil Liberties
773
_a
Kurukshetra
909
_a
5644
999
_c
5644
_d
5644